Statystyki dla 150 największych miast świata z mapą

Kliknij tutaj aby rozwiązać quiz!

Ogólne statystyki

  • Ten quiz został rozwiązany 628 razy
    (596 od ostatniego zresetowania)
  • Średni wynik to 44 z 150

Odpowiedzi na mapie

Odpowiedzi skodowane kolorowo w zielono-czerwonej skali na mapie do tego quizu, zgodnie z poniższymi procentami.
 

Statystyki odpowiedzi

PopulationCity% Poprawnych
17,300,000Moskwa
89%
4,725,000Berlin
87%
14,800,000Londyn
84%
6,550,000Madryt
84%
22,100,000Nowy Jork
84%
11,400,000Paryż
84%
40,400,000Tokio
80%
3,575,000Rzym
79%
23,000,000Meksyk
78%
3,475,000Kijów
77%
4,775,000Barcelona
74%
19,800,000Pekin
73%
16,000,000Stanbuł
72%
17,700,000Los Angeles
71%
21,000,000Kair
70%
5,050,000Ankara
68%
5,300,000Sydney
67%
8,550,000Waszyngton
66%
16,400,000Buenos Aires
64%
6,200,000Mediolan
63%
30,300,000Delhi
61%
13,200,000Rio de Janeiro
61%
9,750,000Chicago
59%
4,225,000Neapol
59%
33,600,000Szanghaj
57%
6,400,000Miami
55%
4,000,000Brasília
54%
10,100,000Lima
54%
7,850,000San Francisco
54%
22,400,000São Paulo
54%
31,330,000Dżakarta
52%
9,600,000Bogota
51%
25,100,000Mumbaj
51%
7,250,000Santiago
51%
5,350,000Dubaj
50%
15,300,000Teheran
50%
24,800,000Seul
49%
3,975,000Algier
47%
18,800,000Bangkok
46%
4,225,000Kapsztad
46%
25,700,000Manila
46%
7,450,000Toronto
46%
17,700,000Osaka
45%
5,800,000Aleksandria
42%
8,050,000Rijad
42%
7,750,000Boston
41%
3,750,000Caracas
41%
7,500,000Hong Kong
41%
13,900,000Johannesburg
41%
7,000,000Bagdad
39%
19,400,000Lagos
39%
4,425,000Seattle
39%
7,900,000Singapur
39%
3,825,000Damaszek
38%
3,725,000Dakar
36%
4,975,000Melbourne
36%
5,900,000Nairobi
35%
7,200,000Dallas
34%
46,700,000Kanton
34%
16,800,000Kolkata
34%
7,350,000Philadelphia
34%
5,650,000Saint Petersburg
34%
9,050,000Wuhan
34%
3,800,000Addis Abeba
33%
6,750,000Houston
33%
4,750,000Kuwejt
33%
4,475,000Casablanca
32%
6,300,000Chartum
32%
20,200,000Dhaka
32%
8,900,000Kuala Lumpur
32%
4,325,000Kabul
30%
12,400,000Kinszasa
30%
3,800,000Hanoi
29%
5,850,000Atlanta
28%
5,750,000Detroit
28%
4,225,000Montreal
26%
5,600,000Amman
24%
3,750,000Denver
24%
9,150,000Tajpej
24%
3,525,000Abudża
23%
5,100,000Akra
23%
8,150,000Luanda
23%
4,700,000Phoenix
22%
4,000,000Santo Domingo
22%
4,750,000Kolombo
21%
5,350,000Guadalajara
18%
4,025,000Medellín
17%
3,525,000Bamako
16%
3,525,000Kampala
16%
3,450,000Orlando
16%
5,000,000Belo Horizonte
14%
6,450,000Dar es Salaam
13%
3,450,000Jaunde
13%
5,000,000Monterrey
13%
4,125,000Porto Alegre
12%
4,375,000Tampa
11%
12,700,000Tianjin
11%
12,200,000Bengaluru
9%
4,950,000Dżedda
9%
13,000,000Lahaur
9%
6,950,000Xi'an
9%
11,300,000Cennaj
8%
9,600,000Chéngdū
8%
8,150,000Chóngqìng
8%
4,700,000Kano
8%
10,500,000Nagoya
8%
3,850,000Recife
8%
3,600,000Salvador
8%
4,125,000Pusan
7%
3,675,000Fortaleza
6%
5,100,000Harbin
6%
6,900,000Pune
6%
5,600,000Abidjan
5%
4,925,000Ćottogram
5%
8,600,000Ho Chi Minh City
5%
6,100,000Surabaya
5%
3,575,000Ibadan
4%
6,600,000Surat
4%
10,000,000Xiamen
4%
6,950,000Bandung
3%
4,025,000Fuzhou
3%
8,450,000Hángzhōu
3%
3,950,000Jaipur
3%
4,475,000Jinan
3%
17,800,000Karakzi
3%
4,250,000Kunming
3%
3,725,000Lucknow
3%
6,600,000Nánjīng
3%
8,500,000Ahmedabad
2%
3,700,000Changchun
2%
3,650,000Faisalabad
2%
10,200,000Hyderabad
2%
4,000,000Medan
2%
6,100,000Qingdao
2%
4,050,000Ürümqi
2%
5,350,000Wenzhou
2%
5,600,000Yangon
2%
4,950,000Zhengzhou
2%
4,925,000Changsha
1%
4,550,000Dairen
1%
4,950,000Hefei
1%
3,475,000Kanpur
1%
3,475,000Nanning
1%
3,450,000Rawalpindi
1%
7,650,000Shantou
1%
8,000,000Shenyang
1%
4,625,000Shijiazhuang
1%
4,125,000Taiyuan
1%
3,525,000Zibo
1%
3,875,000Nanchang
0%

Rozkład punktacji

Percentyl według liczby udzielonych odpowiedzi

Procent ludzi z każdym wynikiem

Twoja historia wyników

Nie rozwiązałeś tego quizu od ostatniego zresetowania